[Event "279th YMCA Autumn B"]
[Site "Warsaw"]
[Date "2023.10.25"]
[Round "5"]
[White "Szukalski, Antoni"]
[Black "Koziol , Pawel"]
[Result "1-0"]
[WhiteElo "1664"]
[BlackElo "1667"]
[PlyCount "79"]
[EventDate "2023.09.21"]
[EventType "tourn"]
[EventRounds "1"]
[EventCountry "POL"]
[SourceDate "2023.09.21"]

1. e4 e5 2. Nf3 Nc6 3. Bc4 Nf6 4. d3 Be7 5. Nbd2 d6 6. c3 O-O 7. Nf1 Na5 8. Bb5
a6 9. Ba4 b5 10. Bc2 c5 11. Ng3 g6 12. O-O Qc7 13. Re1 Re8 14. Bg5 Be6 15. Qd2
Nc6 16. Qe2 Kg7 17. h3 h6 18. Be3 Bf8 19. Qd2 Kh7 20. d4 Bd7 21. Rac1 Qb7 22.
Nh4 Rad8 23. f4 cxd4 24. cxd4 exd4 25. Bxd4 Nxd4 26. Qxd4 Bg7 27. Qb4 Qb6+ 28.
Kh2 a5 29. Qd2 Bc6 30. Bd3 Ba8 31. Qc2 Rc8 32. Qb1 Rxc1 33. Rxc1 Qe3 34. e5
dxe5 35. Bxg6+ Kg8 36. Bxf7+ Kxf7 37. Qg6+ Kf8 38. Rc7 Re7 39. Rxe7 Kxe7 40.
Ngf5+ 1-0

[Event "279th YMCA Autumn B"]
[Site "Warsaw"]
[Date "2023.10.17"]
[Round "5"]
[White "Bartczak, Hanna"]
[Black "Kuc , Mariusz"]
[Result "1-0"]
[WhiteElo "1482"]
[BlackElo "1630"]
[PlyCount "63"]
[EventDate "2023.09.21"]
[EventType "tourn"]
[EventRounds "1"]
[EventCountry "POL"]
[SourceDate "2023.09.21"]

1. d4 Nf6 2. Nc3 e6 3. e4 Bb4 4. Bd3 c5 5. Nge2 cxd4 6. Nxd4 Nc6 7. Nxc6 bxc6
8. Bd2 Qc7 9. Qe2 d5 10. e5 Nd7 11. a3 Bc5 12. f4 O-O 13. Qh5 g6 14. Qh6 Re8
15. h4 Bf8 16. Qg5 Bg7 17. h5 Nf8 18. h6 Bh8 19. g4 a5 20. a4 Ba6 21. Bxa6 Rxa6
22. Qh4 Nd7 23. g5 Rb8 24. b3 Rb4 25. Qf2 Nxe5 26. fxe5 Bxe5 27. O-O-O Bd4 28.
Qe2 Qb6 29. Nxd5 Rxb3 30. Nxb6 Bb2+ 31. Kb1 Rbxb6 32. Qxa6 1-0

[Event "279th YMCA Autumn B"]
[Site "Warsaw"]
[Date "2023.10.19"]
[Round "5"]
[White "Sypula, Krzysztof"]
[Black "Emmel, Bartosz"]
[Result "0-1"]
[WhiteElo "1686"]
[BlackElo "1552"]
[PlyCount "53"]
[EventDate "2023.09.21"]
[EventType "tourn"]
[EventRounds "1"]
[EventCountry "POL"]
[SourceDate "2023.09.21"]

1. c4 e5 2. g3 Nf6 3. Bg2 Nc6 4. Nc3 Bc5 5. e3 a6 6. Nge2 O-O 7. d4 exd4 8.
exd4 Ba7 9. O-O d6 10. h3 Re8 11. Be3 Bf5 12. d5 Ne5 13. Bxa7 Rxa7 14. Qd4 Ra8
15. f4 Ng6 16. Rae1 h5 17. Qd2 Qd7 18. Kh2 Ne4 19. Nxe4 Bxe4 20. Nc3 Bxg2 21.
Kxg2 Qf5 22. Re2 h4 23. g4 Rxe2+ 24. Nxe2 Qe4+ 25. Kh2 Re8 26. Nc3 Qxc4 27. f5
0-1

[Event "279th YMCA Autumn B"]
[Site "Warsaw"]
[Date "2023.10.19"]
[Round "5"]
[White "Pasternak-Winiarski, Adam"]
[Black "Mazurek, Filip"]
[Result "1-0"]
[WhiteElo "1576"]
[BlackElo "1524"]
[PlyCount "51"]
[EventDate "2023.09.21"]
[EventType "tourn"]
[EventRounds "1"]
[EventCountry "POL"]
[SourceDate "2023.09.21"]

1. e4 c6 2. d4 d5 3. exd5 cxd5 4. Bd3 Nc6 5. c3 Qc7 6. h3 g6 7. Nf3 Bf5 8. Be2
Nf6 9. Na3 a6 10. Nc2 Ne4 11. Ne3 Qd7 12. c4 Nf6 13. Ne5 Qd6 14. cxd5 Nxe5 15.
dxe5 Qxe5 16. O-O Rd8 17. Qb3 b5 18. a4 Nxd5 19. axb5 Nf4 20. Bf3 Bh6 21. Nxf5
gxf5 22. Bc6+ Kf8 23. Bxf4 Bxf4 24. bxa6 Qc5 25. Qc3 Qxc3 26. bxc3 1-0

[Event "279th YMCA Autumn B"]
[Site "Warsaw"]
[Date "2023.10.31"]
[Round "6"]
[White "Jaroszuk, Marcin"]
[Black "Pasternak-Winiarski, Adam"]
[Result "1-0"]
[WhiteElo "1452"]
[BlackElo "1576"]
[PlyCount "121"]
[EventDate "2023.09.21"]
[EventType "tourn"]
[EventRounds "1"]
[EventCountry "POL"]
[SourceDate "2023.09.21"]

1. f4 e5 2. fxe5 d6 3. exd6 Bxd6 4. Nf3 g5 5. d3 g4 6. Nd4 Be5 7. Nb3 Qh4+ 8.
g3 Bxg3+ 9. hxg3 Qxh1 10. Bf4 Ne7 11. Nc3 Nd5 12. Qd2 Bd7 13. O-O-O Na6 14. e4
Nxf4 15. Qxf4 O-O-O 16. Be2 Qh5 17. Nd5 Be6 18. Nc5 Rxd5 19. Nxe6 Rd6 20. Bxg4
Qa5 21. Qxf7 Kb8 22. Qg7 Re8 23. Rf1 Qxa2 24. Rf8 Rdxe6 25. Qf7 Qa1+ 26. Kd2
Qa5+ 27. Kd1 Qa1+ 28. Ke2 b6 29. Bxe6 Rxf8 30. Qxf8+ Kb7 31. Bd7 b5 32. b4 Qc3
33. Bc8+ Kb6 34. Qh6+ c6 35. Qe3+ c5 36. Qh6+ Kc7 37. Bxa6 Qxc2+ 38. Qd2 Qa4
39. Qf4+ Kd7 40. Qf7+ Kd8 41. Qf6+ Kd7 42. Qf5+ Kd8 43. Qd5+ Ke8 44. Qg8+ Ke7
45. Qxh7+ Ke8 46. Qg6+ Ke7 47. Qg7+ Ke8 48. Qe5+ Kd7 49. Qd5+ Ke8 50. Qc6+ Kf7
51. bxc5 Qc2+ 52. Ke3 Qc1+ 53. Kd4 Qa1+ 54. Kd5 Qa2+ 55. Kd6 Qe6+ 56. Kc7 Qe5+
57. Qd6 Qa1 58. Qd7+ Kf8 59. Bxb5 Qa5+ 60. Kd6 a6 61. Bc4 1-0

[Event "279th YMCA Autumn B"]
[Site "Warsaw"]
[Date "2023.10.26"]
[Round "6"]
[White "Kuc , Mariusz"]
[Black "Sypula, Krzysztof"]
[Result "0-1"]
[WhiteElo "1630"]
[BlackElo "1686"]
[PlyCount "56"]
[EventDate "2023.09.21"]
[EventType "tourn"]
[EventRounds "1"]
[EventCountry "POL"]
[SourceDate "2023.09.21"]

1. e4 c5 2. Nc3 b6 3. Nf3 e6 4. d4 cxd4 5. Nxd4 a6 6. Bd3 Bb7 7. O-O Qc7 8. Re1
Nc6 9. Nf3 d6 10. Qe2 Nf6 11. Be3 Be7 12. a3 O-O 13. Rad1 Ng4 14. Bf4 Nge5 15.
Nd5 exd5 16. exd5 Nxd3 17. Rxd3 Ne5 18. Nxe5 dxe5 19. Bxe5 Bd6 20. Bc3 Qd7 21.
Red1 Rfe8 22. Qh5 g6 23. Qh4 Be5 24. Bxe5 Rxe5 25. c4 Rae8 26. f3 Qd6 27. Qd4
Rh5 28. g3 Re2 0-1

[Event "279th YMCA Autumn B"]
[Site "Warsaw"]
[Date "2023.10.24"]
[Round "6"]
[White "Koziol , Pawel"]
[Black "Bartczak, Hanna"]
[Result "1-0"]
[WhiteElo "1667"]
[BlackElo "1482"]
[PlyCount "85"]
[EventDate "2023.09.21"]
[EventType "tourn"]
[EventRounds "1"]
[EventCountry "POL"]
[SourceDate "2023.09.21"]

1. d4 d5 2. Nf3 c6 3. c4 e6 4. g3 f5 5. Bg2 Nf6 6. O-O Bd6 7. b3 Nbd7 8. Ba3
Qe7 9. Bxd6 Qxd6 10. Nc3 O-O 11. Qc2 Ne4 12. Rfd1 Ndf6 13. Ne5 Bd7 14. Rac1 Be8
15. f3 Ng5 16. Na4 Bg6 17. Nc5 Qe7 18. Ncd3 Nd7 19. b4 Nxe5 20. dxe5 f4 21. Qb2
Bxd3 22. Rxd3 fxg3 23. hxg3 a6 24. f4 Nf7 25. cxd5 exd5 26. a4 Nd8 27. b5 axb5
28. axb5 Ra5 29. bxc6 bxc6 30. Qb3 Qa7+ 31. Kh2 Qf2 32. e4 Ra2 33. Rg1 Rb2 34.
Qc3 dxe4 35. Qc4+ Kh8 36. Qxe4 c5 37. Qf5 Kg8 38. Qd7 Rb7 39. Qd5+ Rbf7 40. Rd2
Qe3 41. Qxd8 Rxf4 42. Qd3 Qxe5 43. Qd5+ 1-0

[Event "279th YMCA Autumn B"]
[Site "Warsaw"]
[Date "2023.10.26"]
[Round "6"]
[White "Kasperski, Marcin"]
[Black "Szukalski, Antoni"]
[Result "1-0"]
[WhiteElo "1655"]
[BlackElo "1664"]
[PlyCount "70"]
[EventDate "2023.09.21"]
[EventType "tourn"]
[EventRounds "1"]
[EventCountry "POL"]
[SourceDate "2023.09.21"]

1. f4 d5 2. Nf3 Nf6 3. e3 c5 4. b3 Bg4 5. Bb2 e6 6. Bb5+ Nc6 7. h3 Bxf3 8. Qxf3
Rc8 9. Nc3 a6 10. Bxc6+ Rxc6 11. O-O-O c4 12. Kb1 cxb3 13. cxb3 b5 14. g4 Qc7
15. g5 Nd7 16. f5 Nb6 17. fxe6 fxe6 18. Rhf1 Bd6 19. Qh5+ g6 20. Qg4 Rf8 21.
Qxe6+ Be7 22. Rxf8+ Kxf8 23. Rf1+ Ke8 24. Qg8+ Kd7 25. Nxd5 Nxd5 26. Qxd5+ Rd6
27. Qg2 Qc5 28. h4 Qb4 29. d4 a5 30. Qh3+ Kd8 31. Rc1 Rd7 32. Qe6 a4 33. Bc3
Qa3 34. Ba5+ Ke8 35. Rc8+ Rd8 1-0

[Event "279th YMCA Autumn B"]
[Site "Warsaw"]
[Date "2023.10.25"]
[Round "6"]
[White "Pichurko, Jakub"]
[Black "Gozdzikowski, Franciszek"]
[Result "1-0"]
[WhiteElo "1619"]
[BlackElo "1516"]
[PlyCount "71"]
[EventDate "2023.09.21"]
[EventType "tourn"]
[EventRounds "1"]
[EventCountry "POL"]
[SourceDate "2023.09.21"]

1. d4 Nf6 2. Bg5 e6 3. Nd2 Be7 4. e3 d6 5. Ngf3 Nbd7 6. Bf4 Nh5 7. Bg3 c5 8. c3
Nxg3 9. hxg3 a6 10. a4 b6 11. Bd3 Bb7 12. Qc2 h6 13. O-O O-O 14. Rfe1 Rc8 15.
Rad1 d5 16. b3 Bf6 17. Qb1 e5 18. dxe5 Nxe5 19. Nxe5 Bxe5 20. c4 Bc3 21. cxd5
Qxd5 22. Be4 Qd7 23. Bxb7 Qxb7 24. Rf1 Rfd8 25. Nc4 Qc7 26. Qc2 Bf6 27. Na3 Qe5
28. Nc4 Qe6 29. a5 b5 30. Nb6 Rc6 31. e4 Rcd6 32. Nd5 Bd4 33. b4 Rc6 34. Rxd4
cxd4 35. Qxc6 Qxe4 36. Nf6+ 1-0

[Event "279th YMCA Autumn B"]
[Site "Warsaw"]
[Date "2023.11.09"]
[Round "7"]
[White "Szukalski, Antoni"]
[Black "Pichurko, Jakub"]
[Result "1/2-1/2"]
[WhiteElo "1664"]
[BlackElo "1619"]
[PlyCount "28"]
[EventDate "2023.09.21"]
[EventType "tourn"]
[EventRounds "1"]
[EventCountry "POL"]
[SourceDate "2023.09.21"]

1. e4 c6 2. d4 d5 3. e5 Bf5 4. Bd3 Bxd3 5. Qxd3 e6 6. Ne2 c5 7. c3 Nc6 8. a3 c4
9. Qc2 Nge7 10. Ng3 b5 11. Bg5 h6 12. Be3 Nc8 13. Nd2 Nb6 14. O-O Be7 $11
1/2-1/2

[Event "279th YMCA Autumn B"]
[Site "Warsaw"]
[Date "2023.11.03"]
[Round "7"]
[White "Bartczak, Hanna"]
[Black "Kasperski, Marcin"]
[Result "1/2-1/2"]
[WhiteElo "1482"]
[BlackElo "1655"]
[PlyCount "134"]
[EventDate "2023.09.21"]
[EventType "tourn"]
[EventRounds "1"]
[EventCountry "POL"]
[SourceDate "2023.09.21"]

1. d4 b5 2. Bf4 Bb7 3. e3 Nf6 4. Nf3 a6 5. h3 e6 6. Bd3 c5 7. c3 Nc6 8. O-O
cxd4 9. exd4 Be7 10. Nbd2 Nd5 11. Bg3 f5 12. Ne5 Nxe5 13. Bxe5 O-O 14. Bg3 Rc8
15. a4 b4 16. c4 Nf6 17. Qe2 Qe8 18. c5 Qg6 19. Bxa6 Bd5 20. Bc4 f4 21. Bxd5
Nxd5 22. Bh2 Qc2 23. b3 f3 24. Qd1 Qxd1 25. Rfxd1 Nc3 26. Re1 Ne2+ 27. Rxe2
fxe2 28. Ne4 Bf6 29. Nxf6+ gxf6 30. Bd6 Rfe8 31. f3 e5 32. d5 e4 33. f4 Kf7 34.
Re1 Rg8 35. Rxe2 f5 36. Kf2 h5 37. Rc2 Rg6 38. Ra2 h4 39. a5 Rg3 40. a6 Rxb3
41. a7 Ra8 42. Bb8 Rc3 43. Rb2 b3 44. Ke2 Rxc5 45. Rxb3 Rxd5 46. g4 hxg3 47.
Rxg3 Ra5 48. Rg5 Ke6 49. Rg6+ Kf7 50. Rg5 Kf6 51. h4 R8xa7 52. Bxa7 Rxa7 53. h5
Ra2+ 54. Ke3 Ra3+ 55. Kd4 Rd3+ 56. Kc5 Rf3 57. Rg6+ Kf7 58. Kd6 Rxf4 59. Ke5
Rf3 60. Rd6 e3 61. Rxd7+ Ke8 62. Ke6 Rf4 63. h6 Rh4 64. Rh7 Kd8 65. Kd6 Ke8 66.
Ke6 Kd8 67. Kd6 Ke8 1/2-1/2

[Event "279th YMCA Autumn B"]
[Site "Warsaw"]
[Date "2023.11.07"]
[Round "7"]
[White "Sypula, Krzysztof"]
[Black "Koziol , Pawel"]
[Result "1/2-1/2"]
[WhiteElo "1686"]
[BlackElo "1667"]
[PlyCount "76"]
[EventDate "2023.09.21"]
[EventType "tourn"]
[EventRounds "1"]
[EventCountry "POL"]
[SourceDate "2023.09.21"]

1. b3 e5 2. Bb2 Nc6 3. c4 d6 4. g3 f5 5. e3 Nf6 6. Ne2 Be7 7. Bg2 O-O 8. d4 e4
9. a3 a5 10. Nbc3 Bd7 11. Nf4 Qe8 12. Qd2 Bd8 13. O-O Ne7 14. b4 g5 15. Nfe2 d5
16. cxd5 Nexd5 17. Nxd5 Nxd5 18. Nc3 c6 19. Nxd5 cxd5 20. Rac1 Bb5 21. Rfe1 Bc4
22. bxa5 Bxa5 23. Bc3 Bc7 24. Bb4 Rf6 25. f4 gxf4 26. gxf4 Qh5 27. Rxc4 dxc4
28. d5 Bd8 29. Rc1 b5 30. d6 Qf7 31. Qd4 Rg6 32. Qc5 Rb8 33. Kf1 Qg7 34. Qxf5
Rxg2 35. Qe6+ Kh8 36. Bc3 Rg1+ 37. Ke2 Rg2+ 38. Kf1 Rg1+ 1/2-1/2

[Event "279th YMCA Autumn B"]
[Site "Warsaw"]
[Date "2023.11.08"]
[Round "7"]
[White "Pasternak-Winiarski, Adam"]
[Black "Emmel, Bartosz"]
[Result "1/2-1/2"]
[WhiteElo "1576"]
[BlackElo "1552"]
[PlyCount "120"]
[EventDate "2023.09.21"]
[EventType "tourn"]
[EventRounds "1"]
[EventCountry "POL"]
[SourceDate "2023.09.21"]

1. e4 e6 2. d4 d5 3. exd5 exd5 4. c4 Nf6 5. Nc3 Be7 6. Bd3 O-O 7. cxd5 Nxd5 8.
Bxh7+ Kxh7 9. Qh5+ Kg8 10. Qxd5 Nc6 11. Nge2 Be6 12. Qxd8 Raxd8 13. Be3 Rfe8
14. O-O Bf6 15. Rfd1 Bc4 16. b3 Bxe2 17. Nxe2 Nb4 18. Rac1 Nd5 19. Ng3 c6 20.
Nf1 Re6 21. h3 Rde8 22. Rc2 a6 23. a3 Re4 24. Rd3 Kf8 25. Rc4 Nxe3 26. fxe3 Ke7
27. Nd2 Re6 28. e4 Rd8 29. Nf3 Rxe4 30. Kf2 Rd5 31. Re3 Rxe3 32. Kxe3 Kd6 33.
g4 c5 34. dxc5+ Rxc5 35. Rxc5 Kxc5 36. Kd3 b5 37. Nd2 Bb2 38. Ne4+ Kd5 39. a4
Ke5 40. axb5 axb5 41. Ke3 Bd4+ 42. Kf3 Kd5 43. Nd2 Bc3 44. Ne4 Bd4 45. h4 g6
46. Ng5 Bf6 47. Kf4 Be5+ 48. Ke3 f5 49. gxf5 gxf5 50. h5 Kc5 51. Nf3 Bh8 52.
Kd3 Kd5 53. h6 f4 54. h7 Kc5 55. Ke4 Kb4 56. Kxf4 Kxb3 57. Ke3 Kc3 58. Ne1 b4
59. Nd3 Bg7 60. Nxb4 Kxb4 1/2-1/2

[Event "279th YMCA Autumn B"]
[Site "Warsaw"]
[Date "2023.11.02"]
[Round "7"]
[White "Mazurek, Filip"]
[Black "Jaroszuk, Marcin"]
[Result "1/2-1/2"]
[WhiteElo "1524"]
[BlackElo "1452"]
[PlyCount "41"]
[EventDate "2023.09.21"]
[EventType "tourn"]
[EventRounds "1"]
[EventCountry "POL"]
[SourceDate "2023.09.21"]

1. e4 e5 2. Nf3 Nc6 3. Bc4 Nf6 4. d3 Be7 5. O-O d6 6. c3 O-O 7. Bb3 Be6 8. Nbd2
d5 9. exd5 Bxd5 10. Nc4 e4 11. dxe4 Bxe4 12. Bf4 Qxd1 13. Raxd1 Bxf3 14. gxf3
Rac8 15. Rfe1 Nh5 16. Bg3 Nxg3 17. fxg3 Rcd8 18. Ba4 Bc5+ 19. Kf1 Rxd1 20. Rxd1
Rd8 21. Rxd8+ $11 1/2-1/2

[Event "279th YMCA Autumn B"]
[Site "Warsaw"]
[Date "2023.11.09"]
[Round "8"]
[White "Emmel, Bartosz"]
[Black "Mazurek, Filip"]
[Result "1/2-1/2"]
[WhiteElo "1552"]
[BlackElo "1524"]
[PlyCount "72"]
[EventDate "2023.09.21"]
[EventType "tourn"]
[EventRounds "1"]
[EventCountry "POL"]
[SourceDate "2023.09.21"]

1. e4 c5 2. Nf3 e6 3. d4 cxd4 4. Nxd4 Nc6 5. Nc3 Qc7 6. Be3 a6 7. Be2 b5 8. O-O
Bb7 9. a3 Nf6 10. Bf3 Be7 11. Re1 O-O 12. Nxc6 Bxc6 13. Qd2 Rfd8 14. e5 Ne8 15.
Bg5 Bxg5 16. Qxg5 Bxf3 17. gxf3 f6 18. Qg3 fxe5 19. Kh1 d6 20. Rg1 Nf6 21. Rad1
Ra7 22. Qg5 Rf8 23. Qh6 d5 24. Rxg7+ Qxg7 25. Rg1 Qxg1+ 26. Kxg1 Rg7+ 27. Kf1
Rg6 28. Qh3 Nd7 29. Nxd5 exd5 30. Qxd7 Rxf3 31. Qxd5+ Rf7 32. Qxe5 Rgf6 33.
Qg5+ Kf8 34. Qc5+ Kg7 35. Qg5+ Kf8 36. Qc5+ Kg7 1/2-1/2

[Event "279th YMCA Autumn B"]
[Site "Warsaw"]
[Date "2023.11.09"]
[Round "8"]
[White "Kuc , Mariusz"]
[Black "Pasternak-Winiarski, Adam"]
[Result "0-1"]
[WhiteElo "1630"]
[BlackElo "1576"]
[PlyCount "54"]
[EventDate "2023.09.21"]
[EventType "tourn"]
[EventRounds "1"]
[EventCountry "POL"]
[SourceDate "2023.09.21"]

1. e4 c5 2. Nc3 a6 3. f4 b5 4. g3 Bb7 5. Bg2 e6 6. Qe2 b4 7. Nd1 d5 8. f5 Ne7
9. d3 dxe4 10. fxe6 fxe6 11. dxe4 Ng6 12. Nf3 Be7 13. O-O O-O 14. Nf2 Qc7 15.
Qc4 Nd7 16. Nd4 Nde5 17. Qxe6+ Kh8 18. Nf5 Rf6 19. Qb3 c4 20. Qe3 Bc5 21. Qe2
Re8 22. Be3 Rxf5 23. exf5 Nf3+ 24. Bxf3 Rxe3 25. Qxc4 Ne5 26. Qxc5 Nxf3+ 27.
Kg2 Qxc5 0-1

[Event "279th YMCA Autumn B"]
[Site "Warsaw"]
[Date "2023.11.09"]
[Round "8"]
[White "Kasperski, Marcin"]
[Black "Sypula, Krzysztof"]
[Result "0-1"]
[WhiteElo "1655"]
[BlackElo "1686"]
[PlyCount "102"]
[EventDate "2023.09.21"]
[EventType "tourn"]
[EventRounds "1"]
[EventCountry "POL"]
[SourceDate "2023.09.21"]

1. f4 d5 2. Nf3 g6 3. e3 Bg7 4. d4 Nh6 5. c4 O-O 6. Nc3 c6 7. Qb3 dxc4 8. Bxc4
Nd7 9. O-O b5 10. Be2 a6 11. Ne4 Qb6 12. a4 Nf5 13. Ne5 Nd6 14. Nxd7 Bxd7 15.
Nc5 Rfd8 16. Bf3 Be8 17. a5 Qa7 18. Qc2 Nf5 19. Kh1 Rac8 20. Bd2 e6 21. Bb4
Nxe3 22. Qb3 Nxf1 23. Rxf1 Rxd4 24. Ne4 c5 25. Bc3 Rd3 26. Qc2 c4 27. Nf6+ Kh8
28. Be5 Qe7 29. Ng4 f6 30. Bc3 b4 31. Be1 Bb5 32. Be2 Rb3 33. Bf2 h5 34. Ne3 f5
35. Rb1 Qc7 36. g3 Bc6+ 37. Kg1 Rxe3 38. Bxe3 Be4 39. Qc1 Bxb1 40. Qxb1 Qxa5
41. Qf1 Qa2 42. Bc1 Bd4+ 43. Kg2 Bxb2 44. Be3 Bf6 45. Kh3 Qc2 46. Bd1 Qe4 47.
Qf2 b3 48. Bf3 Qc2 49. Qe1 b2 50. Bb6 b1=Q 51. Qxe6 Qf1+ 0-1

[Event "279th YMCA Autumn B"]
[Site "Warsaw"]
[Date "2023.11.10"]
[Round "8"]
[White "Pichurko, Jakub"]
[Black "Bartczak, Hanna"]
[Result "1-0"]
[WhiteElo "1619"]
[BlackElo "1482"]
[PlyCount "97"]
[EventDate "2023.09.21"]
[EventType "tourn"]
[EventRounds "1"]
[EventCountry "POL"]
[SourceDate "2023.09.21"]

1. d4 Nf6 2. Bg5 g6 3. Bxf6 exf6 4. e3 Bg7 5. g3 d5 6. Bg2 f5 7. Ne2 c6 8. Nd2
O-O 9. c4 dxc4 10. Nxc4 Be6 11. Qc2 Na6 12. a3 Nc7 13. Nf4 Nd5 14. Nd3 Qe7 15.
h4 Nc7 16. O-O Bd5 17. Bxd5 Nxd5 18. Nce5 f6 19. Nf3 Bh6 20. Rfe1 Qe4 21. Nd2
Qg4 22. Qd1 Nxe3 23. Rxe3 Bxe3 24. Qxg4 Bxf2+ 25. Nxf2 fxg4 26. Nxg4 Rad8 27.
Nf3 Kg7 28. Kf2 h5 29. Ne3 Rfe8 30. Rc1 Re7 31. Rc2 Rde8 32. Ng2 Kh6 33. b4 g5
34. hxg5+ fxg5 35. Ne5 Rf8+ 36. Ke3 Rf1 37. Ke4 Ra1 38. Ne3 Re8 39. Rf2 Rxa3
40. Rf7 Rxe3+ 41. Kxe3 Rb8 42. Ke4 h4 43. Kf5 Rh8 44. Ng4+ Kh5 45. Nf6+ Kh6 46.
gxh4 gxh4 47. Rxb7 h3 48. Rxa7 h2 49. Ng4+ 1-0

[Event "279th YMCA Autumn B"]
[Site "Warsaw"]
[Date "2023.11.10"]
[Round "8"]
[White "Gozdzikowski, Franciszek"]
[Black "Szukalski, Antoni"]
[Result "1-0"]
[WhiteElo "1516"]
[BlackElo "1664"]
[PlyCount "109"]
[EventDate "2023.09.21"]
[EventType "tourn"]
[EventRounds "1"]
[EventCountry "POL"]
[SourceDate "2023.09.21"]

1. e4 c5 2. Nf3 d6 3. d4 cxd4 4. Nxd4 Nf6 5. Nc3 a6 6. Be3 e5 7. Nb3 Be6 8. Qd2
Nbd7 9. O-O-O Be7 10. f3 b5 11. g4 h6 12. Kb1 b4 13. Nd5 Bxd5 14. exd5 a5 15.
h4 a4 16. Nc1 Qa5 17. Be2 Nb6 18. f4 Nfxd5 19. Bf3 Nxe3 20. Bxa8 Nxd1 21. Bc6+
Kf8 22. Rxd1 Qc5 23. Bg2 Nc4 24. Qe2 Ne3 25. Nd3 Qb6 26. Re1 Nxg2 27. Qxg2 g6
28. fxe5 Bxh4 29. Rf1 Kg7 30. Qd5 Rf8 31. exd6 Bf6 32. Nc5 Rd8 33. Ne4 Qd4 34.
Nxf6 Qxd5 35. Nxd5 Rxd6 36. Nxb4 Rd4 37. Nc6 Rxg4 38. Ne5 Re4 39. Nxf7 g5 40.
Nd6 Re6 41. Nf5+ Kg6 42. c4 g4 43. b4 axb3 44. axb3 h5 45. Kc2 Kg5 46. Nd4 Re5
47. Kd3 h4 48. b4 h3 49. c5 Re8 50. Rg1 Kf4 51. Ne2+ Kf3 52. Rg3+ Kf2 53. Rxg4
Rxe2 54. Rf4+ Kg3 55. Kxe2 1-0

[Event "279th YMCA Autumn B"]
[Site "Warsaw"]
[Date "2023.12.01"]
[Round "9"]
[White "Bartczak, Hanna"]
[Black "Gozdzikowski, Franciszek"]
[Result "1-0"]
[WhiteElo "1482"]
[BlackElo "1516"]
[PlyCount "91"]
[EventDate "2023.09.21"]
[EventType "tourn"]
[EventRounds "1"]
[EventCountry "POL"]
[SourceDate "2023.09.21"]

1. d4 d5 2. Nc3 Nf6 3. Bf4 e6 4. e3 Bb4 5. Nge2 a6 6. a3 Be7 7. Nc1 c5 8. Nd3
cxd4 9. exd4 Nc6 10. Ne5 Qb6 11. Nxc6 bxc6 12. Be2 c5 13. dxc5 Bxc5 14. O-O Bd6
15. Bxd6 Qxd6 16. Bf3 O-O 17. Ne4 Nxe4 18. Bxe4 Qb6 19. Bf3 Rb8 20. b4 Bb7 21.
Qd2 Rfd8 22. Rfc1 e5 23. Be2 d4 24. c4 Qg6 25. Bf1 Re8 26. Qd3 f5 27. c5 Rbd8
28. Qc4+ Kh8 29. c6 Bc8 30. a4 e4 31. b5 Be6 32. Qb4 Bd5 33. c7 Rc8 34. Qxd4
Qf7 35. b6 Bb7 36. a5 f4 37. Bc4 Qg6 38. Bd5 f3 39. g3 Qh5 40. Kh1 Bxd5 41. Rc5
Qh3 42. Rg1 Bb7 43. Re5 Qh6 44. Rxe8+ Rxe8 45. Qd8 Qe6 46. Rd1 $138 1-0

[Event "279th YMCA Autumn B"]
[Site "Warsaw"]
[Date "2023.11.16"]
[Round "9"]
[White "Sypula, Krzysztof"]
[Black "Pichurko, Jakub"]
[Result "1/2-1/2"]
[WhiteElo "1686"]
[BlackElo "1619"]
[PlyCount "74"]
[EventDate "2023.09.21"]
[EventType "tourn"]
[EventRounds "1"]
[EventCountry "POL"]
[SourceDate "2023.09.21"]

1. Nf3 d5 2. e3 Nf6 3. c4 c6 4. Qc2 g6 5. b3 Bg7 6. Bb2 O-O 7. Be2 Bg4 8. O-O
Nbd7 9. d4 Bxf3 10. Bxf3 e6 11. Nc3 Re8 12. Rad1 Qb8 13. cxd5 cxd5 14. Rd2 Rc8
15. Qd3 a6 16. Rc2 b5 $11 17. Rfc1 Nb6 18. Ne2 Qb7 19. Nf4 Bf8 20. Qd1 Rxc2 21.
Rxc2 Rc8 22. Nd3 Rxc2 23. Qxc2 Qc8 24. Qxc8 Nxc8 25. Bc3 Nd7 26. Be2 f6 27. Kf1
Na7 28. Ke1 Nc6 29. a4 Kf7 30. Kd2 b4 31. Bb2 Bd6 32. h3 h5 33. f3 e5 34. dxe5
fxe5 35. g4 hxg4 36. hxg4 g5 37. Ke1 Ke6 $11 1/2-1/2

[Event "279th YMCA Autumn B"]
[Site "Warsaw"]
[Date "2023.11.14"]
[Round "9"]
[White "Pasternak-Winiarski, Adam"]
[Black "Koziol , Pawel"]
[Result "1/2-1/2"]
[WhiteElo "1576"]
[BlackElo "1667"]
[PlyCount "80"]
[EventDate "2023.09.21"]
[EventType "tourn"]
[EventRounds "1"]
[EventCountry "POL"]
[SourceDate "2023.09.21"]

1. e4 c5 2. Nf3 e6 3. d4 cxd4 4. Nxd4 Nc6 5. Nc3 Qc7 6. Be2 a6 7. O-O Nf6 8.
Be3 Bb4 9. Na4 Be7 10. Nxc6 bxc6 11. Nb6 Rb8 12. Nxc8 Qxc8 13. e5 Nd5 14. Bc1
O-O 15. c4 Nc7 16. Bd3 f5 17. g4 g6 18. f4 Ne8 19. b3 Ng7 20. h4 Bc5+ 21. Kg2
Bd4 22. Rb1 c5 23. h5 Qc6+ 24. Kg3 Kf7 25. h6 Ne8 26. g5 d6 27. exd6 Qxd6 28.
Qe2 Nc7 29. Bb2 Rbd8 30. Bxd4 Qxd4 31. Rf3 Rfe8 32. Rd1 e5 33. fxe5 Rxe5 34.
Bxf5 Rxe2 35. Rxd4 Rxd4 36. Bd3+ Ke7 37. Bxe2 Rd2 38. Bd3 Ne6 39. Re3 Kf7 40.
Rf3+ Ke7 $11 1/2-1/2

[Event "279th YMCA Autumn B"]
[Site "Warsaw"]
[Date "2023.11.28"]
[Round "9"]
[White "Mazurek, Filip"]
[Black "Kuc , Mariusz"]
[Result "0-1"]
[WhiteElo "1524"]
[BlackElo "1630"]
[PlyCount "66"]
[EventDate "2023.09.21"]
[EventType "tourn"]
[EventRounds "1"]
[EventCountry "POL"]
[SourceDate "2023.09.21"]

1. e4 c5 2. Nc3 e6 3. Nge2 Nc6 4. g3 Nf6 5. Bg2 d5 6. exd5 exd5 7. d4 cxd4 8.
Nxd4 Bc5 9. Nb3 Bb4 10. O-O Bxc3 11. bxc3 O-O 12. Re1 Bg4 13. Qd3 Re8 14. Bg5
Qd6 15. Bf4 Qf8 16. Qb5 Rxe1+ 17. Rxe1 Re8 18. Be3 Ne5 19. Nd4 Ne4 20. f3 Nxc3
21. Qb3 Qc5 22. Nf5 d4 23. Bxd4 Nxf3+ 24. Kf2 Rxe1 25. Bxf3 Re2+ 26. Bxe2 Qxf5+
27. Ke1 Nxe2 28. Qe3 h6 29. Be5 Qxc2 30. h3 Qb1+ 31. Kd2 Qxa2+ 32. Ke1 Qb1+ 33.
Kd2 Qc1+ 0-1

[Event "279th YMCA Autumn B"]
[Site "Warsaw"]
[Date "2023.11.16"]
[Round "9"]
[White "Jaroszuk, Marcin"]
[Black "Emmel, Bartosz"]
[Result "1/2-1/2"]
[WhiteElo "1452"]
[BlackElo "1552"]
[PlyCount "39"]
[EventDate "2023.09.21"]
[EventType "tourn"]
[EventRounds "1"]
[EventCountry "POL"]
[SourceDate "2023.09.21"]

1. d4 Nf6 2. Nf3 g6 3. c4 Bg7 4. g3 O-O 5. Bg2 c5 6. O-O cxd4 7. Nxd4 Nc6 8.
Nc3 Qb6 9. Be3 Ng4 10. Nxc6 Nxe3 11. Nxe7+ Kh8 12. Nxc8 Qxb2 13. fxe3 Raxc8 14.
Rc1 Bxc3 15. Rc2 Qb4 16. Bd5 Kg8 17. Rxf7 Rxf7 18. Bxf7+ Kxf7 19. Qxd7+ Kf6 20.
Rxc3 $11 1/2-1/2

[Event "279th YMCA Autumn B"]
[Site "Warsaw"]
[Date "2023.12.09"]
[Round "10"]
[White "Kuc , Mariusz"]
[Black "Jaroszuk, Marcin"]
[Result "0-1"]
[WhiteElo "1630"]
[BlackElo "1452"]
[PlyCount "80"]
[EventDate "2023.09.21"]
[EventType "tourn"]
[EventRounds "1"]
[EventCountry "POL"]
[SourceDate "2023.09.21"]

1. e4 e5 2. Nf3 Nc6 3. d4 exd4 4. Nxd4 Nf6 5. Nxc6 bxc6 6. Bd3 d5 7. e5 Ng4 8.
Qe2 Bc5 9. O-O Qe7 10. Bf4 g5 11. Bd2 Nxe5 12. Bc3 f6 13. Re1 Bg4 14. Qf1 O-O-O
15. Nd2 Qg7 16. Ba6+ Kb8 17. b4 Bd6 18. Bd4 Qh6 19. h3 Bd7 20. c4 g4 21. c5
gxh3 22. g3 h2+ 23. Kh1 Be7 24. Be3 Qh5 25. Be2 Qh3 26. Qxh3 Bxh3 27. b5 Bd7
28. b6 axb6 29. cxb6 c5 30. bxc7+ Kxc7 31. Nb3 d4 32. Bf4 Bc6+ 33. Kxh2 d3 34.
Bxd3 Rxd3 35. Rxe5 Bd6 36. Re7+ Kd8 37. Bxd6 Rxd6 38. Rg7 f5 39. Kg1 Bf3 40.
Kf1 c4 0-1